[Event "Astana"]
[Site "Astana"]
[Date "2001.05.25"]
[Round "5"]
[White "Morozevich, Alexander"]
[Black "Kramnik, Vladimir"]
[Result "0-1"]
[WhiteElo "2749"]
[BlackElo "2797"]
[Annotator "Finkel,A"]
[PlyCount "54"]
[EventDate "2001.05.20"]
[EventType "tourn"]
[EventRounds "10"]
[EventCountry "KAZ"]
[EventCategory "20"]
[SourceTitle "CBM 084"]
[Source "ChessBase"]
[SourceDate "2001.09.13"]
[SourceVersion "1"]
[SourceVersionDate "2001.09.13"]
[SourceQuality "1"]

1. d4 d5 2. Bg5 c6 3. Nf3 h6 4. Bh4 Qb6 5. b3 (5. Qc1 g5 (5... Bf5 6. c4 e6 7.
Nc3 Be7 8. Bg3 Nf6 9. e3 (9. c5 Qd8 10. e3 O-O 11. h3 Nbd7 12. b4 Ne4 13. Nxe4
Bxe4 14. Nd2 Bg6 15. Qc3 Bh4 16. Bd6 Re8 17. Bd3 Bxd3 18. Qxd3 e5 19. O-O a6
20. a4 e4 21. Qe2 Re6 $11 {1-0 Hodgson,J-Turner,M/Kilkenny IRL 1999 (38)}) 9...
Nbd7 (9... O-O 10. Be2 Ne4 11. Nxe4 Bxe4 12. O-O Nd7 13. Nd2 Bg6 14. c5 Qd8 15.
b4 a6 16. Nb3 Bf6 17. Na5 $14) 10. c5 Qd8 11. Be2 Ne4 12. Nxe4 Bxe4 13. b4 Bxf3
14. gxf3 Bh4 15. f4 Bxg3 16. hxg3 b6 17. g4 bxc5 18. bxc5 Qa5+ 19. Qd2 Qxd2+
20. Kxd2 Ke7 21. Rhb1 Rhb8 22. Rb3 Kd8 23. Ba6 Kc7 24. Rab1 $16 {Hodgson,
J-Abdulla,A/Scarborough 1999/CBM 71}) (5... Bg4 6. Nbd2 Nd7 7. e3 e6 8. c4 Be7
9. Bg3 Ngf6 10. Bd3 Bxf3 11. Nxf3 Qa5+ 12. Nd2 $14) 6. Bg3 g4 7. Ne5 Qxd4 8. c4
Bg7 9. e3 Qc5 10. Nd2 Nd7 11. Nd3 $14) 5... Bf5 6. e3 e6 (6... Qa5+ 7. Qd2
Qxd2+ 8. Kxd2 g5 9. Bg3 Nf6 10. Bd3 Ne4+ 11. Bxe4 Bxe4 12. Ne1 Nd7 13. f3 Bh7
14. Nd3 e6 15. Nc3 Rg8 16. e4 f6 $11 {Thorfinnsson,B-Markowski,T/Reykjavik ISL
2000/The Week in Chess}) (6... Nd7 7. Bd3 Bxd3 8. Qxd3 Ngf6 9. O-O e6 10. Nbd2
Be7 11. c4 O-O $132) 7. Bd3 Bxd3 8. Qxd3 Be7 9. Bxe7 Nxe7 10. c4 Nd7 (10... O-O
11. c5 Qc7 12. b4 a6 13. Nc3 Nd7 $11 {[%cal Ge6e5]}) 11. Nc3 O-O 12. O-O Qa6 (
12... Rad8 13. Rfd1 dxc4 14. bxc4 e5 15. a4 $6 exd4 16. exd4 Ng6 {[%cal Gd7e5]}
(16... Nc5 17. dxc5 Rxd3 18. cxb6 Rxc3 19. Rd7 $16) 17. Ne4 Qa6 (17... Nde5 18.
Nxe5 Nxe5 $11) 18. Qb3 b6 19. a5 $5 $14 {Agdestein,S-Olafsson,H/Reykjavik 2000/
CBM 79}) (12... Rfd8 13. Rfd1 Nf6 14. Rac1 Ng6 15. h3 Qb4 16. Qb1 Qe7 $11 {
Adams,M-Dautov,R/Pula 1997/CBM 57}) 13. Rfd1 (13. a4 Rfd8 14. Rfd1 Rac8 15. a5
c5 16. Nb5 Nc6 17. Qc3 cxd4 18. exd4 Nf6 19. Qe1 Ne4 $15 {Rozentalis,E-Sulypa,
A/Bad Wiessee 1999/EXT 2001}) 13... Rfd8 (13... Rac8 14. Rac1 Rfd8 15. cxd5
Qxd3 16. Rxd3 cxd5 17. Rdd1 Nf5 $11 {Gerber,R-Tukmakov,V/Geneve 1999/CBM 68}) (
13... Nb6 14. Rdc1 dxc4 15. Qf1 Nd7 16. bxc4 c5 17. d5 Rad8 18. Rab1 $14 {
Hodgson,J-Adianto,U/Amsterdam 1996/CBM 55}) 14. Rab1 $6 {Of course this move
is not a mistake, but rook has nothing to do b1 that's why deserves attention
14.Rac1 with Qb1 on the next move as was played by Hodgson.} (14. Rac1 Nf5 15.
Qb1 Ne7 16. e4 dxe4 17. Nxe4 Qa5 18. c5 Qc7 19. Nd6 b6 20. b4 $14 {Hodgson,
J-Sergejev,R/Pula 1997/CBM 57}) 14... b6 15. Qf1 (15. e4 $5 dxe4 16. Qxe4 Nf6
17. Qe2 Nf5 $11) 15... Rac8 16. Rd2 $6 {[%csl Rd2] White starts to play
without plan and suddenly finds himself in inferior position. Morozevich can't
admit that there is no chanse to get an opening advantage and the draw is the
most logical rsult after such opening varition.} Nf6 17. Ne5 $6 (17. cxd5 Qxf1+
18. Kxf1 Nexd5 {[%csl Rc3]} 19. Nxd5 (19. Rc2 Nb4 20. Rd2 c5 $15) 19... cxd5
20. Rbb2 Rc1+ (20... Ne4 21. Rdc2 $11) 21. Ne1 Rdc8 22. Rbc2 $11) 17... dxc4
18. Nxc4 $6 (18. bxc4 $5 c5) 18... Ned5 $15 {White pieces lack coordination
and black siezes the initiative.} 19. Rc2 $2 {Missing 21th move of black. It
was time to simplify a position with} (19. Nxd5 cxd5 20. Ne5 Qxf1+ 21. Rxf1 Ne4
$15 {and although black's chanses are preferable the player of Morozevich's
level should hold this endgame without too many problems.}) 19... Nxc3 20. Rxc3
c5 21. dxc5 b5 $1 $19 {[%cal Gf6e4,Ge4d2] There is no satisfactory defense
against Ne4-d2} 22. Ne5 (22. Nd6 Rxd6 23. cxd6 Rxc3 $19) 22... Ne4 23. Rd3 Nd2
24. Rxd8+ (24. Rxd2 Rxd2 25. b4 Qxa2 $19 {[%cal Ga2d5]}) (24. Qd1 Rxd3 25. Nxd3
Nxb1 26. Qxb1 Qc6 $19 {[%cal Gc6e4,Gc8d8]}) 24... Rxd8 25. Rd1 (25. Qd1 Qxa2
26. Rc1 (26. Nc6 Nf3+ $1 27. gxf3 Rxd1+ 28. Rxd1 Qxb3 29. Rd8+ Kh7 30. Nxa7 Qa3
(30... Qa4 $5) 31. Nxb5 Qxc5 32. Rb8 Qg5+ $19) 26... Qb2 $1 27. c6 Nf3+ 28.
Nxf3 Rxd1+ 29. Rxd1 Qc2 $19) 25... Nxf1 26. Rxd8+ Kh7 27. c6 (27. Kxf1 Qxa2 28.
Nxf7 Qb1+ 29. Ke2 Qc2+ $19) 27... Qa5 $1 {[%cal Ga5e1]} 0-1

[Event "HUN-ch 54th"]
[Site "Budapest"]
[Date "2004.08.21"]
[Round "3"]
[White "Cao, Sang"]
[Black "Almasi, Zoltan"]
[Result "0-1"]
[WhiteElo "2545"]
[BlackElo "2644"]
[Annotator "Finkel,A"]
[PlyCount "48"]
[EventDate "2004.08.19"]
[EventType "tourn"]
[EventRounds "9"]
[EventCountry "HUN"]
[EventCategory "13"]
[SourceTitle "CBM 103"]
[Source "ChessBase"]
[SourceDate "2004.11.11"]
[SourceVersion "1"]
[SourceVersionDate "2004.11.11"]
[SourceQuality "1"]

1. d4 Nf6 2. Bg5 d5 3. Bxf6 exf6 4. e3 c6 5. Nd2 Qb6 {Usually black prefers to
keep the queen on d8, but Almasi is trying to complicate the matters.} 6. Qc1
Be6 (6... Bg4 7. Be2 f5 8. h3 Bxe2 9. Nxe2 Nd7 10. g4 fxg4 11. hxg4 c5 12. c3
Qg6 13. f3 Bd6 14. Qb1 Qe6 15. Kf2 O-O-O $13 {Gonzalez Garcia,M-Vera Pons,F/
Spain 1999}) 7. Bd3 Nd7 (7... f5 8. Ne2 Nd7 9. O-O Nf6 10. c4 dxc4 11. Nxc4
Bxc4 12. Qxc4 g6 13. Nc3 Rd8 14. Rac1 $14 {Large,L-Lukov,V/Paris 1998}) 8. Ne2
Bd6 9. c3 {Nothing promised} (9. c4 dxc4 10. Nxc4 Qb4+ 11. Qc3 (11. Nd2 f5 12.
O-O Bc7 13. a3 Qe7 14. b4 O-O $11) 11... Qxc3+ 12. Nxc3 Bc7 $11) 9... f5 10.
O-O Qc7 11. Nf3 (11. g3 h5 12. Nf3 Nf6 13. Nf4 h4 14. Nxh4 g5 15. Nxe6 fxe6 16.
Nf3 Qh7 $40) 11... Nf6 12. c4 dxc4 13. Bxc4 Bd7 $5 {Black is consistant in his
play for a win: no trades are allowed!} 14. Qc2 O-O 15. Nc1 (15. g3 Rae8 16. a3
Ne4 17. Nc3 Qd8 18. Bd3 Qe7 19. Nd2 Nxd2 20. Qxd2 Be6 $132) 15... Rae8 16. Bd3
$6 {[%csl Rc1] This move looks a bit strange, especially since white had just
moved the knight to c1!} (16. Nd3 f4 17. Nde5 fxe3 18. fxe3 $132) 16... g6 $5 {
[%cal Gf5f4] Now everything is ready for f4.} 17. Ne2 f4 $15 18. Nxf4 ({
Unfortunately for white doesn't work} 18. e4 $2 Nxe4 19. Bxe4 Rxe4 20. Qxe4 Bf5
$19 {and the queen is trapped in the midle of the board.}) 18... Bxf4 19. exf4
Qxf4 20. Qc5 Be6 $1 $17 {[%csl Rd4][%cal Ge6d5] Black is combining a play
against the isolated pawn on d4 with attack on the white king.} (20... Bh3 21.
Qg5 Nh5 22. Bc4 Bg4 23. Qxf4 Nxf4 24. Ne5 Be2 25. Rfc1 Bxc4 26. Rxc4 f6 27. Nf3
Re2 $15) 21. Rfe1 (21. Qe5 Qxe5 22. dxe5 Nd7 $17 {[%csl Re5][%cal Ge6d5]})
21... Bd5 22. Ne5 Rxe5 $1 23. dxe5 Ng4 24. f3 (24. Kf1 Nxh2+ 25. Ke2 (25. Kg1
Qg5 $19) 25... Qxe5+ 26. Kd2 Qxb2+ 27. Bc2 Bxg2 $19) 24... b6 0-1

[Event "Mulhouse GM"]
[Site "Mulhouse"]
[Date "2004.07.01"]
[Round "2"]
[White "Eliet, Nicolas"]
[Black "Marzolo, Cyril"]
[Result "1/2-1/2"]
[WhiteElo "2412"]
[BlackElo "2409"]
[Annotator "Finkel,A"]
[PlyCount "59"]
[EventDate "2004.06.30"]
[EventType "tourn"]
[EventRounds "9"]
[EventCountry "FRA"]
[EventCategory "9"]
[SourceTitle "CBM 103"]
[Source "ChessBase"]
[SourceDate "2004.11.11"]
[SourceVersion "1"]
[SourceVersionDate "2004.11.11"]
[SourceQuality "1"]

1. d4 Nf6 2. Bg5 d5 3. Bxf6 gxf6 4. c4 c5 5. cxd5 (5. Nc3 cxd4 (5... dxc4 6. d5
f5 7. e3 a6 8. a4 Qa5 9. Bxc4 Qb4 $13 {Podvrsnik,M-Tratar,M/Ljubljana 1993}) 6.
Qxd4 dxc4 7. Qxd8+ Kxd8 8. e4 e6 9. Bxc4 Bb4 10. Nge2 Bd7 11. a3 Ba5 12. O-O-O
Ke7 13. f4 Rc8 $11 {Meduna,E-Balashov,Y/Trnava 1988}) (5. e3 cxd4 6. exd4 Nc6
7. Nc3 dxc4 8. d5 Ne5 9. Bxc4 Nxc4 10. Qa4+ Bd7 11. Qxc4 Rc8 12. Qd3 Qb6 $15 {
Bigg,A-Summerscale,A/Coulsdon 2002}) 5... Qxd5 6. Nf3 cxd4 7. Nc3 Qd8 (7... Qa5
8. Nxd4 Bg7 9. e3 O-O 10. Bd3 Rd8 11. O-O f5 12. Qh5 e6 13. Rad1 Qe5 14. Nf3
Qf6 15. e4 Nc6 $11 {Wells,P-Sulskis,S/Port Erin 2003}) 8. Nxd4 a6 (8... e6 9.
e3 a6 10. Qh5 Bb4 11. Rc1 Qa5 12. Qf3 Nd7 13. Be2 Qg5 14. O-O f5 15. Qh3 Nb6
16. Rfd1 $14 {Hodgson,J-Lukacs,P/Kecskemet 1988}) 9. g3 e6 10. Bg2 Bg7 (10...
Bc5 11. Nb3 (11. e3) 11... Qxd1+ 12. Rxd1 Bb4 13. a3 Bxc3+ 14. bxc3 Nc6 15. Nc5
Ke7 $14) 11. O-O O-O 12. Qd3 {[%csl Ra8,Rb8,Rc8] Black has certain problems
with development of his queenside pieces, but it's not easy for white to
exploite this fact.} (12. e3 Nd7) 12... Nd7 13. Rfd1 Rb8 14. Rac1 Qe7 15. Na4 {
[%cal Gc1c7,Ga4b6] White needs to penitrate into black's camp. The only way to
do it is by bringing the rook or the queen to c7.} (15. Qe4 Ne5 16. Qh4 Bd7 17.
Ne4 Rfc8 $11) 15... f5 16. b3 $5 {In some variations the pawn is hanging on b2,
so white preferes to move it to b3.} Ne5 17. Qc2 Rd8 18. Nb6 Bd7 19. Qc7 Bf6 $5
20. Nf3 $6 {With this move white gives up his hopes to win the game.} (20. Nxf5
$143 $2 exf5 21. Nd5 Qe6 22. Nxf6+ Qxf6 23. f4 Ng4 {[%csl Rg1]} 24. Rxd7 Rxd7
25. Qxb8+ (25. Qxd7 $4 Qb6+ 26. Kh1 Nf2+ 27. Kg1 Nh3+ 28. Kh1 Qg1+ $1 29. Rxg1
Nf2#) 25... Rd8 26. Qa7 Qb2 $17) (20. f4 $5 Ng4 21. h3 Ne3 22. Rd3 (22. Nxf5 $5
Nxf5 23. Nxd7 Bb2 24. Rc4 Ne3 25. Nxb8 Rxd1+ 26. Kf2 Qxc7 27. Rxc7 Bd4 28. Kf3
Rg1 $132) 22... Be8 23. Qxe7 Bxe7 24. Rxe3 Rxd4 25. Rec3 Rdd8 26. Rc7 Bf6 27.
e3 $14 {[%csl Rb7]}) 20... Nxf3+ 21. Bxf3 Be8 22. Rxd8 Qxd8 (22... Qxc7 $4 23.
Rxe8+ Rxe8 24. Rxc7 $18) 23. Bxb7 Kg7 24. Qxd8 Bxd8 25. Rc8 Rxb7 26. Rxd8 Bb5
27. Nc4 (27. Rd6 Bxe2 28. f4 Rc7 29. Rd2 Bf3 30. Kf2 Be4 31. Nc4 $14) 27...
Bxc4 28. bxc4 Rb2 29. Rd3 Rxa2 30. e3 1/2-1/2

[Event "North Urals Cup (Women) 2nd"]
[Site "Krasnoturinsk"]
[Date "2004.07.25"]
[Round "2"]
[White "Stefanova, Antoaneta"]
[Black "Kovalevskaya, Ekaterina"]
[Result "1/2-1/2"]
[WhiteElo "2527"]
[BlackElo "2470"]
[Annotator "Finkel,A"]
[PlyCount "52"]
[EventDate "2004.07.24"]
[EventType "tourn"]
[EventRounds "9"]
[EventCountry "RUS"]
[EventCategory "9"]
[SourceTitle "CBM 103"]
[Source "ChessBase"]
[SourceDate "2004.11.11"]
[SourceVersion "1"]
[SourceVersionDate "2004.11.11"]
[SourceQuality "1"]

1. d4 Nf6 2. Bg5 d5 3. Bxf6 gxf6 4. c4 c6 5. e3 Bf5 6. Nc3 (6. Qb3 Qb6 7. Qxb6
axb6 8. cxd5 cxd5 9. Nc3 e6 $11) 6... e6 7. Rc1 Qb6 (7... Nd7 8. Nf3 Rg8 9. Nh4
Bg4 10. Qb3 f5 11. g3 Be7 12. Ng2 Bf3 13. Rg1 dxc4 14. Bxc4 Nb6 15. Be2 Bxe2
16. Kxe2 {1/2-1/2 Hansen,S-Jensen,B/Gistrup 1997/EXT 98 (16)}) 8. Qd2 dxc4 (
8... Nd7 9. a3 Bg6 10. h4 h5 11. Nh3 Bh6 12. cxd5 cxd5 13. Bb5 Rd8 14. O-O O-O
15. Bxd7 Rxd7 16. Nf4 Bxf4 17. exf4 Rc7 18. Na4 $14 {Zhang Zhong-Liang Jinrong/
Suzhou 2001}) 9. e4 $6 {[%csl Rd4] Women world champion is famous for her
careless approuach to the opening stage of the game. I guess it's about an
only reasonable explaination for white's last move.} (9. Bxc4 Nd7 10. Nge2 Bg6
11. O-O Bd6 12. a3) 9... Bg6 10. Bxc4 Nd7 11. Nge2 O-O-O $1 {Black is not
afraid of the ghosts! The king is perfectly safe on the queenside, while the
rook is putting an additional pressure on d4.} 12. O-O f5 (12... Kb8 $5 13. f4
(13. a3 f5 14. e5 Qc7 (14... Nxe5 $2 15. Qf4 $18) 15. Qe3 c5 $15) 13... f5 14.
e5 h5 15. h4 Qb4 16. Bd3 Nb6 17. a3 Qe7 18. g3 f6 19. Qe3 $13) 13. exf5 Bxf5
14. d5 Ne5 $1 {Black is playing in very agressive manner, which is fully
justified under the circumstances.} (14... Nf6 15. Qg5 Be7 16. dxc6 Rhg8 17.
Qf4 bxc6 (17... Qxc6 $2 18. Bd5 $1) 18. Ng3 Rg4 $13) 15. Bb3 Kb8 {Kovalevskaya
is trying to deprive white any counterchances, so she moves he king from the
c-file.} (15... Nd3 $5 16. Rcd1 (16. Na4 Qa6 17. Rc3 Bb4 18. dxc6 bxc6 $17)
16... Nc5 (16... cxd5 17. Bc2 Nxb2 18. Rb1 Nc4 19. Qg5 Qa6 (19... Bxc2 20. Rxb6
axb6 21. Qf6 Bc5 22. Qxf7 Rhe8 $13) 20. Bxf5 exf5 21. Qxf5+ Qe6 22. Qd3 $44)
17. Qg5 Nxb3 18. axb3 Bd6 19. dxc6 Rhg8 20. Qe3 Qxc6 $15) 16. Na4 Qb4 $5 {
Once again lack opts for the safest possible way. More ambitious was} (16...
Qc7 $5 17. Nd4 Be4 18. f4 Nd3 19. Rc3 Bb4 20. Qe3 Bxc3 21. Qxe4 Bxd4+ 22. Qxd4
b5 23. Nc3 Qb6 $17) 17. Qxb4 Bxb4 18. Ng3 Bg6 {Even with the queens off the
board black's pressure is very significant.} (18... cxd5 19. Nxf5 exf5 20. Rfd1
d4 21. f4 Ng4 22. a3 Be7 23. Bxf7 Rhf8 $15) 19. a3 Be7 20. dxe6 Nd3 21. Ra1 (
21. Rcd1 b5 22. Nc3 Nxb2 23. Rxd8+ Rxd8 24. exf7 Bxa3 $17) 21... fxe6 (21... b5
22. Nc3 fxe6 23. Bxe6 Nxb2 $17) 22. Bxe6 Bf6 23. Bf5 Nxb2 $6 (23... b5 24. Nc3
Nxb2 25. Nce4 Bd4 26. Bxg6 hxg6 27. Ne2 Bb6 $17) 24. Nxb2 Bxb2 25. Ra2 Bd4 26.
Rb1 Rhf8 $15 {A short, but nevertheless a very eventfull draw!} 1/2-1/2

[Event "Evry 1st"]
[Site "Evry"]
[Date "2001.03.15"]
[Round "1"]
[White "Marcelin, Cyril"]
[Black "Giffard, Nicolas"]
[Result "1-0"]
[WhiteElo "2424"]
[BlackElo "2393"]
[Annotator "Finkel,A"]
[PlyCount "124"]
[EventDate "2001.03.??"]
[EventType "tourn"]
[EventRounds "9"]
[EventCountry "FRA"]
[EventCategory "8"]
[SourceTitle "CBM 083"]
[Source "ChessBase"]
[SourceDate "2001.07.05"]
[SourceVersion "1"]
[SourceVersionDate "2001.07.05"]
[SourceQuality "1"]

1. d4 Nf6 (1... d5 2. Bg5 Nf6 3. Bxf6 gxf6 4. c4 c6 5. e3 Bf5 6. Nc3 e6 7. Nge2
Bd6 8. Ng3 Bg6 9. Qb3 $14 {Miladinovic,I-Grund,H/Cappelle op 1995}) 2. Bg5 d5
3. e3 c6 4. Bxf6 gxf6 5. c4 Qb6 (5... e6 {[ Karpov played 5..Bf5 first and
then ..Bd6 and this seems like a better scheme of development. ]} 6. Nc3 f5 7.
Nh3 (7. Nf3 Bg7 8. Qc2 Nd7 9. h3 $5 dxc4 10. Bxc4 Qc7 $6 11. O-O-O $14 {
1-0 Hodgson,J-Martin,A/BCF-ch 1992 (19)}) 7... Nd7 8. cxd5 cxd5 9. Nf4 a6 10.
Bd3 Nf6 11. Qb3 Bd6 12. O-O Rb8 13. Rac1 Bd7 $11 {Piket,J-Polugaevsky,L/
Roquebrune rapid 1992}) 6. Qd2 (6. Qc2 Na6 7. Nc3 Bf5 8. Qd2 e6 9. cxd5 exd5
10. Nge2 Nb4 11. Ng3 Nc2+ 12. Kd1 Bg6 13. Rc1 $13 {Lang,Z-Folly,G/RL-SW9495
1995}) 6... Bh6 $6 {Bishop has nothing to do on h6.} (6... Bf5 7. Nc3 e6 8.
Nge2 Nd7 9. Ng3 Bg6 10. h4 h6 11. Be2 dxc4 12. Bxc4 f5 13. Nge2 $14 {Calton,
B-Cossette,D/North Bay op 1998}) 7. Nc3 Be6 8. b3 (8. cxd5 cxd5 9. Nf3 Nc6 10.
Rc1 Rc8 11. Bd3 $14) 8... dxc4 $6 9. bxc4 Bf5 10. Nge2 Na6 11. Ng3 Bc8 (11...
Bg6 12. Be2 e6 13. O-O O-O 14. c5 Qa5 15. f4 $14 {[%csl Rg6,Rh6]}) 12. Bd3 Qa5
13. O-O {With very simple and natural moves white hs managed to get quiet
significient advantage.Black pieces desperatly lack coordination.} f5 14. Rab1
e6 15. f4 $5 {[%csl Rc8][%cal Gd2f2,Gg3h5,Gf2g3]} O-O 16. Nh5 Rd8 17. Qe1 $16
Nc7 18. Qg3+ $6 (18. Qh4 $1 Ne8 (18... Bd7 19. Nf6+ Kg7 20. Rf3 Qxc3 21. Rg3+
Kh8 22. Qxh6 $18) 19. Rf3 $1 (19. Nf6+ $6 Nxf6 20. Qxh6 Ng4 21. Qg5+ Kh8 22.
Nd1 Rg8 23. Qh4 Qd2 $132 {[%csl Rd3,Re3]}) 19... Bd7 20. Rg3+ Kh8 21. Nf6 $18)
18... Kh8 19. Qh4 Ne8 20. Rf3 (20. Nf6 Nxf6 21. Qxf6+ Bg7 22. Qe7 Rf8 $14)
20... Rd7 $1 {[%cal Ga5d8]} 21. Rb3 Qd8 22. Qxd8 Rxd8 23. c5 $14 {The arising
endgaame is much better for white,but he still has a lot of work to do.} Bf8
24. Be2 Be7 25. Rf1 f6 $6 (25... Nf6 26. Nxf6 Bxf6 27. h3 Kg7 28. g4 fxg4 29.
hxg4 h6 30. Bf3 $16 {[%cal Gc3e4,Ge4d2,Gd2c4,Gc4a5]}) 26. g4 fxg4 27. Bxg4 f5
28. Bf3 Nc7 29. Kh1 $6 (29. Kf2 $5) 29... Nd5 30. Bxd5 exd5 31. Rg1 Rg8 32. Ng3
{[%csl Rb7]} Bd8 33. Na4 $1 {Preventing black from playing b5, whch would
solve all the problems.} Rb8 34. Rgb1 Rg7 35. Ne2 $1 {Knight goes to e5.} Re7
36. Ng1 Bc7 37. Nf3 Ra8 38. Ne5 Bxe5 (38... Kg8 $5) 39. fxe5 Rb8 40. Kg2 Be6
41. Kf3 Rg7 42. Nc3 Bf7 43. Ne2 $5 (43. Rxb7 $4 Rxb7 44. Rxb7 Bh5+ $19) 43...
Bh5+ 44. Kf2 Bxe2 45. Kxe2 Re7 (45... Rg2+ $2 46. Kd3 Rxh2 47. Rxb7 Rxb7 48.
Rxb7 Rxa2 49. e6 $18) (45... Kg8 46. a4 Kf8 47. a5 Ke8 48. a6 Kd8 49. Rxb7
Rgxb7 50. Rxb7 Rxb7 51. axb7 Kc7 52. e6 $18) 46. a4 a5 $8 47. Rb6 Rc7 48. Kf3
Kg7 49. Ra6 $1 $18 {[%csl Ra5]} Kf7 50. Rxa5 Ke6 51. Ra7 Rf7 52. Kf4 (52. a5 f4
53. a6 fxe3+ 54. Kxe3 bxa6 55. Rxf7 Rxb1 56. Rc7 $18) 52... Rg7 53. h3 h6 54.
a5 Rg2 55. Rbxb7 Rxb7 56. Rxb7 Rf2+ 57. Kg3 Re2 58. Kf3 Rh2 59. Rc7 Rxh3+ 60.
Kf2 Rh2+ 61. Kg3 Ra2 62. Rxc6+ Ke7 1-0

[Event "EU-ch 2nd"]
[Site "Ohrid"]
[Date "2001.06.06"]
[Round "6"]
[White "Miles, Anthony John"]
[Black "Minasian, Ara"]
[Result "1-0"]
[WhiteElo "2562"]
[BlackElo "2478"]
[Annotator "Finkel,A"]
[PlyCount "37"]
[EventDate "2001.06.01"]
[EventType "swiss"]
[EventRounds "13"]
[EventCountry "YUG"]
[SourceTitle "CBM 084"]
[Source "ChessBase"]
[SourceDate "2001.09.13"]
[SourceVersion "1"]
[SourceVersionDate "2001.09.13"]
[SourceQuality "1"]

1. d4 {Wells} d5 2. Bf4 c5 3. e3 Nc6 4. c3 Qb6 5. Qb3 (5. Qc2 g6 6. Nd2 Bf5 7.
Qb3 Qxb3 8. axb3 cxd4 9. exd4 Bg7 10. Ngf3 f6 11. Bb5 Bd7 12. h3 g5 13. Bh2 h5
14. b4 $14 {Marshall,F-Rubinstein,A/Baden-Baden 1925/HCL}) 5... c4 6. Qc2 Bf5
$5 {'?' Wells. Wells: 'A well known position .... with Nf3 and Nf6 already on
the board, in which case the bishop is really immune, and this 'development
with tempo' is a pretty clean equaliser. Here there is a twist to the story.
d5 hangs, and with it, a good deal of black's queenside!!'} (6... g6 7. Nd2 Nf6
8. b3 Bf5 9. Qb2 Bg7 10. Ngf3 O-O 11. Be2 Nd7 12. O-O $14 {Meduna,
E-Mikhalchishin,A/Ischia 1994/EXT 98}) 7. Qxf5 {'!' Wells.} (7. Qc1 Nf6 8. Nd2
e6 9. Be2 (9. h3 Be7 10. Be2 O-O 11. Bd1 Qa5 12. Ngf3 b5 13. a3 Bd3 14. Be2
Bxe2 15. Kxe2 $13 {Kovacevic,S-Summerscale,A/Cannes 1996/CBM 51 ext}) 9... Qa5
(9... Be7 10. h3 h6 11. Ngf3 O-O 12. Bd1 Rfc8 13. Bc2 Bxc2 14. Qxc2 Qd8 15. e4
b5 16. O-O a5 17. Bg3 dxe4 $11 {Kovacevic,S-Martin Blanco,F/Linares 2000/CBM 75
}) 10. Ngf3 Be7 11. h3 b5 12. b4 Qb6 13. a4 a5 14. axb5 Qxb5 15. Bd1 $14 {
Kovacevic,S-Summerscale,A/Linares 1999/CBM 68 ext}) (7. Qd2 Nf6 8. Nf3 e6 9.
Be2 Be7 10. O-O O-O 11. Qc1 a5 12. Nbd2 a4 13. Ne5 a3 14. b3 cxb3 15. Nxb3 Na5
$11 {Loktionova,T-Lazhevskaya,Z/St Petersburg 1998/EXT 2000}) 7... Qxb2 8. Qxd5
Qc1+ $6 {White king is better placed on f3 than on e1, so there was no reason
to frce him to come there! The arising position is extremly complicated and
demands a lot of analyses, but it seems that crucial position for this
variation arises after 8...Q:a1: Wells: 'I feel sure this doesn't help,
although the immediate'} (8... Qxa1 $5 9. Qb5 a6 10. Qxb7 Nd8 11. Qb4 $6 Rc8
$17 {Bistric,F-Sveshnikov,E/Bled 1991/EXT 98}) 9. Ke2 Qb2+ 10. Kf3 Nf6 $2 (
10... Qxa1 11. Bxc4 e6 (11... Qxb1 $2 12. Qxf7+ Kd7 13. Be6+ Kd8 14. Qxf8#) 12.
Qb5 O-O-O 13. Ne2 Nf6 14. Rc1 $16 {[%csl Ra1][%cal Gb1d2]}) 11. Qxc4 Qxa1 12.
Qb3 $1 {Trapping black queen, which has no way back now and is destinied to
die on a1!} O-O-O (12... Na5 13. Bb5+ Kd8 14. Qc2 $16 {[%cal Gg1e2,Gh1c1]}) 13.
Bb5 {Wells: 'Black's queen has little to look forward to, whilst the other
advanced monarch is sitting fairly comfortably thankyou.'} Na5 14. Qc2 a6 (
14... e6 15. Ne2 Bd6 16. Rc1 Bxf4 17. exf4 $18) 15. Bd3 e5 16. Bxe5 Nd7 17. Bf4
Be7 18. Nh3 g5 19. Nxg5 1-0